| 000 | 00586nam a2200181 i 4500 | ||
|---|---|---|---|
| 001 | 95986 | ||
| 003 | ES-MaACL | ||
| 005 | 20230906181820.0 | ||
| 007 | t| | ||
| 008 | 050608s1903 it ||||1| ita d | ||
| 100 | 1 |
_aMach, Ernst. _975150 |
|
| 245 | 1 | 0 |
_aAnalisi delle sensazioni / _cErnst Mach; traduzione sulla terza adizione tedesca di Antonino Vaiccaro e Camillo Cessi. |
| 260 |
_aTorino : _b[s.n.], _c1903 ( _fImp.G. Sacerdote) |
||
| 300 |
_aX, 438 p. : _bil. ; _c20 cm. |
||
| 700 | 1 |
_aVaiccaro, Antonino. _9112403 |
|
| 700 | 1 |
_aCessi, Camillo. _937692 |
|
| 852 |
_aES-MaACL _jC-3395 |
||
| 999 |
_c95986 _d95986 |
||